000 00613nam a2200265Ia 4500
005 20260306163512.0
008 008 260114s9999 xx 000 0 eng d
020 _a9780520933835
037 _aEBOOK
040 _aCRL
040 _beng
040 _cCRL
041 _2eng
041 _aeng
084 _qCRL
100 _aParsons Smith
_91128762
245 0 _aMaking Music In Los Angeles
260 _bUniversity of California Press
260 _c2012
650 _aMusic
856 _uhttps://academic.oup.com/book/15802
942 _cEBOOK
999 _c1710359
_d1710359